[Event "Tradewise Gibraltar Masters 16th"]
[Site "Gibraltar"]
[Date "2018.01.26"]
[Round "4.116"]
[White "Mifsud, T."]
[Black "Hewson, Brian W R"]
[Result "0-1"]
[WhiteElo "2250"]
[BlackElo "2024"]
[PlyCount "49"]
[EventDate "2018.01.23"]
[EventType "swiss"]
[EventRounds "10"]
[EventCountry "GGB"]
[SourceTitle "BritBase"]
[Source "www.saund.co.uk"]
[SourceDate "2018.02.10"]
[SourceVersion "1"]
[SourceVersionDate "2018.02.10"]
[SourceQuality "1"]

1. e4 c6 2. d4 d5 3. exd5 cxd5 4. Bd3 Nc6 5. c3 Qc7 6. Ne2 Bg4 7. f3 Bd7 8. O-O
e5 9. dxe5 Nxe5 10. Bf4 Bd6 11. Nd4 Ne7 12. Bg3 O-O 13. Bc2 Nc4 14. Qd3 g6 15.
Bxd6 Qxd6 16. b3 Ne5 17. Qe3 Rfe8 18. f4 Ng4 19. Qf3 Nc6 20. h3 Nxd4 21. cxd4
Ne3 22. Rf2 Nxc2 23. Rxc2 Re1+ 24. Kh2 Bf5 25. Rb2 0-1

[Event "Tradewise Gibraltar Masters 16th"]
[Site "Gibraltar"]
[Date "2018.01.26"]
[Round "4.117"]
[White "Safarian, Alek"]
[Black "Semprun Martinez, Fernando"]
[Result "1/2-1/2"]
[WhiteElo "2006"]
[BlackElo "2209"]
[PlyCount "125"]
[EventDate "2018.01.23"]
[EventType "swiss"]
[EventRounds "10"]
[EventCountry "GGB"]
[SourceTitle "BritBase"]
[Source "www.saund.co.uk"]
[SourceDate "2018.02.10"]
[SourceVersion "1"]
[SourceVersionDate "2018.02.10"]
[SourceQuality "1"]

1. c4 e5 2. Nc3 d6 3. e3 f5 4. d4 e4 5. Nh3 Nf6 6. Be2 Be7 7. O-O O-O 8. b4 c6
9. Qb3 Na6 10. d5 c5 11. b5 Nc7 12. Bb2 Nd7 13. Nf4 Ne5 14. Na4 b6 15. f3 exf3
16. gxf3 Qe8 17. Rf2 Bf6 18. Kh1 Qf7 19. Rc1 Bd7 20. Qc2 Rae8 21. Rg2 Re7 22.
Bc3 Ne8 23. Nb2 Kh8 24. Bd2 Bc8 25. a4 a5 26. bxa6 Ra7 27. Qb3 Rxa6 28. Qb5 Nc7
29. Qb3 Bd7 30. Bd1 Rfa8 31. Bc3 Ne8 32. Bxe5 dxe5 33. Nfd3 Nd6 34. Bc2 g6 35.
a5 e4 36. fxe4 fxe4 37. Nf2 Qe7 38. Na4 Bxa4 39. Qxa4 Rxa5 40. Qc6 R5a6 41.
Nxe4 Nxe4 42. Bxe4 Be5 43. Bf3 Bd6 44. Qb5 Qxe3 45. Qb2+ Be5 46. Qe2 Qf4 47.
Re1 Ra1 48. Rgg1 Rxe1 49. Rxe1 Bd6 50. Bg4 h5 51. Bxh5 Kg7 52. Rf1 Qxh2+ 53.
Qxh2 Bxh2 54. Bxg6 Kxg6 55. Kxh2 Ra4 56. d6 Ra2+ 57. Kg3 Rd2 58. Kf4 Rxd6 59.
Ke5 Rd4 60. Rf6+ Kg5 61. Rxb6 Rxc4 62. Kd5 Rc1 63. Rc6 1/2-1/2

[Event "Tradewise Gibraltar Masters 16th"]
[Site "Gibraltar"]
[Date "2018.01.26"]
[Round "4.118"]
[White "Gagare, Shalmali"]
[Black "Barthel, Ansgar"]
[Result "0-1"]
[WhiteElo "2001"]
[BlackElo "2187"]
[PlyCount "144"]
[EventDate "2018.01.23"]
[EventType "swiss"]
[EventRounds "10"]
[EventCountry "GGB"]
[SourceTitle "BritBase"]
[Source "www.saund.co.uk"]
[SourceDate "2018.02.10"]
[SourceVersion "1"]
[SourceVersionDate "2018.02.10"]
[SourceQuality "1"]

1. d4 d5 2. c4 e6 3. Nf3 c5 4. cxd5 exd5 5. g3 Nc6 6. Bg2 Nf6 7. O-O Be7 8. Nc3
O-O 9. dxc5 Bxc5 10. Na4 Be7 11. Be3 Bg4 12. Rc1 Qd7 13. Nc3 Rad8 14. Nd4 Rfe8
15. f3 Be6 16. Bf2 Bd6 17. Ncb5 Bb8 18. Nxc6 bxc6 19. Nd4 Rc8 20. b4 Qb7 21.
Qa4 Bd7 22. Qb3 Bd6 23. a3 a5 24. Rb1 axb4 25. axb4 Rb8 26. Qd3 Qc8 27. Be1 Rb6
28. Bc3 Qb8 29. Qd2 c5 30. Nc2 d4 31. Ba1 Nd5 32. e4 Nxb4 33. Nxb4 Rxb4 34.
Rxb4 Qxb4 35. Qxb4 cxb4 36. Bxd4 Rc8 37. Rb1 Ba4 38. e5 Bf8 39. f4 Rd8 40. Bf2
Bc2 41. Bb6 Rd2 42. Re1 b3 43. Be3 Rxg2+ 44. Kxg2 b2 45. g4 Bb4 46. Rf1 b1=Q
47. Rxb1 Bxb1 48. Kf3 Kf8 49. f5 Bc3 50. Kf4 f6 51. exf6 gxf6 52. Bc5+ Ke8 53.
Bd6 Kd7 54. Bb8 Bb4 55. h4 Be1 56. h5 Bd2+ 57. Kg3 Kc6 58. Ba7 Kd5 59. Bb6 Ke4
60. Bd8 Bf4+ 61. Kh3 Be5 62. Kh4 Kf4 63. Ba5 Kf3 64. h6 Bf4 65. Bd8 Bg5+ 66.
Kh5 Ke4 67. Be7 Ba2 68. Bxf6 Bxf6 69. g5 Kxf5 70. gxf6 Kxf6 71. Kh4 Kg6 72. Kg4
Kxh6 0-1

[Event "Tradewise Gibraltar Masters 16th"]
[Site "Gibraltar"]
[Date "2018.01.26"]
[Round "4.119"]
[White "Suez-Panama, Gilles"]
[Black "Barrenechea Bahamonde, Gustavo"]
[Result "1/2-1/2"]
[WhiteElo "1959"]
[BlackElo "2127"]
[PlyCount "82"]
[EventDate "2018.01.23"]
[EventType "swiss"]
[EventRounds "10"]
[EventCountry "GGB"]
[SourceTitle "BritBase"]
[Source "www.saund.co.uk"]
[SourceDate "2018.02.10"]
[SourceVersion "1"]
[SourceVersionDate "2018.02.10"]
[SourceQuality "1"]

1. d4 d5 2. Nf3 e6 3. c4 c5 4. cxd5 exd5 5. Nc3 Nc6 6. g3 Nf6 7. Bg2 Be7 8. O-O
O-O 9. dxc5 d4 10. Na4 Bf5 11. Nh4 Be6 12. b4 Nxb4 13. Bxb7 Rb8 14. Bf3 Nfd5
15. a3 Nc6 16. Ng2 Bf6 17. Bd2 Qd7 18. Be4 Rfe8 19. Rb1 Rbd8 20. Qc2 h6 21.
Rfd1 Bg4 22. Nf4 d3 23. Bxd3 Nd4 24. Qc4 Nxf4 25. Bxf4 Bxe2 26. Bxe2 Nxe2+ 27.
Qxe2 Rxe2 28. Rxd7 Rxd7 29. c6 Rd8 30. c7 Rc8 31. Rb8 Ree8 32. Nc5 Be7 33. Nb7
g5 34. Nd8 Rcxd8 35. cxd8=Q Rxd8 36. Rxd8+ Bxd8 37. Bb8 Bb6 38. g4 Kg7 39. Be5+
Kg6 40. Kg2 h5 41. h3 f5 1/2-1/2

[Event "Tradewise Gibraltar Masters 16th"]
[Site "Gibraltar"]
[Date "2018.01.26"]
[Round "4.120"]
[White "Edvardsen, Ragnar"]
[Black "Herzwurm, Robert"]
[Result "0-1"]
[WhiteElo "1968"]
[BlackElo "2123"]
[PlyCount "69"]
[EventDate "2018.01.23"]
[EventType "swiss"]
[EventRounds "10"]
[EventCountry "GGB"]
[SourceTitle "BritBase"]
[Source "www.saund.co.uk"]
[SourceDate "2018.02.10"]
[SourceVersion "1"]
[SourceVersionDate "2018.02.10"]
[SourceQuality "1"]

1. e4 e6 2. d4 d5 3. Nd2 Nf6 4. e5 Nfd7 5. Bd3 c5 6. c3 Nc6 7. Ne2 cxd4 8. cxd4
f6 9. exf6 Nxf6 10. O-O Bd6 11. Nf3 O-O 12. Bg5 Qc7 13. Bh4 Bd7 14. Rc1 Be8 15.
Qc2 Bh5 16. Bg3 Bxf3 17. gxf3 Rac8 18. Qb1 a6 19. a4 Qe7 20. Bh4 Qf7 21. f4 g6
22. Kh1 Nh5 23. Rg1 Nxf4 24. Nxf4 Qxf4 25. Bg3 Qf3+ 26. Rg2 Bxg3 27. hxg3 Kg7
28. Re1 Nxd4 29. Re3 Qf6 30. f4 Rc6 31. Qf1 Rfc8 32. Re1 Nf5 33. g4 Qh4+ 34.
Kg1 Ne3 35. Qe2 0-1

[Event "Tradewise Gibraltar Masters 16th"]
[Site "Gibraltar"]
[Date "2018.01.26"]
[Round "4.121"]
[White "Stewart, Ashley"]
[Black "Avila Fraire, Ameyalli"]
[Result "1-0"]
[WhiteElo "2120"]
[BlackElo "2014"]
[PlyCount "43"]
[EventDate "2018.01.23"]
[EventType "swiss"]
[EventRounds "10"]
[EventCountry "GGB"]
[SourceTitle "BritBase"]
[Source "www.saund.co.uk"]
[SourceDate "2018.02.10"]
[SourceVersion "1"]
[SourceVersionDate "2018.02.10"]
[SourceQuality "1"]

1. c4 f5 2. g3 Nf6 3. Bg2 g6 4. Nc3 Bg7 5. e3 O-O 6. Nge2 e5 7. d3 d6 8. O-O c6
9. f4 Be6 10. b3 Re8 11. Qd2 e4 12. Nd4 d5 13. cxd5 Bxd5 14. Nxd5 Nxd5 15. Bb2
exd3 16. Rfe1 Nxe3 17. Qxd3 Nxg2 18. Qc4+ Kh8 19. Kxg2 b5 20. Qf7 Rf8 21. Qxg7+
Kxg7 22. Nxf5+ 1-0

[Event "Tradewise Gibraltar Masters 16th"]
[Site "Gibraltar"]
[Date "2018.01.26"]
[Round "4.122"]
[White "Smith, Andrew Philip"]
[Black "Burke, Mitchell R"]
[Result "1-0"]
[WhiteElo "2111"]
[BlackElo "1989"]
[PlyCount "47"]
[EventDate "2018.01.23"]
[EventType "swiss"]
[EventRounds "10"]
[EventCountry "GGB"]
[SourceTitle "BritBase"]
[Source "www.saund.co.uk"]
[SourceDate "2018.02.10"]
[SourceVersion "1"]
[SourceVersionDate "2018.02.10"]
[SourceQuality "1"]

1. e4 c5 2. Nf3 d6 3. d4 cxd4 4. Nxd4 Nf6 5. Nc3 g6 6. Bg5 Bg7 7. Bb5+ Nbd7 8.
Qe2 O-O 9. O-O-O Ne5 10. f4 Bg4 11. Nf3 Nxf3 12. gxf3 Be6 13. f5 gxf5 14. Rhg1
Kh8 15. e5 Ne8 16. f4 f6 17. exf6 exf6 18. Bh4 Nc7 19. Bd3 Bh6 20. Bg3 Qe8 21.
Qg2 b5 22. Qh3 Qg6 23. Kb1 Qg4 24. Qxh6 1-0

[Event "Tradewise Gibraltar Masters 16th"]
[Site "Gibraltar"]
[Date "2018.01.26"]
[Round "4.123"]
[White "Compton, Alistair"]
[Black "Dev, Shah"]
[Result "1-0"]
[WhiteElo "2082"]
[BlackElo "1977"]
[PlyCount "97"]
[EventDate "2018.01.23"]
[EventType "swiss"]
[EventRounds "10"]
[EventCountry "GGB"]
[SourceTitle "BritBase"]
[Source "www.saund.co.uk"]
[SourceDate "2018.02.10"]
[SourceVersion "1"]
[SourceVersionDate "2018.02.10"]
[SourceQuality "1"]

1. e4 e5 2. Nf3 Nc6 3. Bb5 a6 4. Ba4 Nf6 5. Qe2 b5 6. Bb3 Be7 7. d4 d6 8. dxe5
dxe5 9. O-O Bg4 10. c3 O-O 11. h3 Bxf3 12. Qxf3 Na5 13. Bc2 c5 14. Bg5 Ne8 15.
Rd1 Nd6 16. Be3 Qc7 17. b3 Nab7 18. Nd2 Rad8 19. Qg3 f6 20. Nf1 Nc8 21. Bh6 Bd6
22. Ne3 Kh8 23. Nd5 Qf7 24. Be3 Ne7 25. f3 a5 26. Qe1 Nc6 27. Bd3 Na7 28. a4 b4
29. cxb4 axb4 30. a5 Nc6 31. a6 Nba5 32. Rdb1 Rb8 33. Qf2 Qa7 34. Qa2 Rfc8 35.
Rc1 Ra8 36. Rc2 Rcb8 37. Rac1 Nb7 38. Qa4 Nbd8 39. Kh1 Qf7 40. Bxc5 Bxc5 41.
Rxc5 Nd4 42. Rc7 Qf8 43. a7 Rb7 44. Rxb7 Nxb7 45. Nb6 Nc5 46. Qxb4 Nxd3 47.
Qxf8+ Rxf8 48. Rc8 Rxc8 49. Nxc8 1-0

[Event "Tradewise Gibraltar Masters 16th"]
[Site "Gibraltar"]
[Date "2018.01.26"]
[Round "4.124"]
[White "Dasaolu, Rotimi"]
[Black "Mayank, Pal"]
[Result "1-0"]
[WhiteElo "2064"]
[BlackElo "1834"]
[PlyCount "183"]
[EventDate "2018.01.23"]
[EventType "swiss"]
[EventRounds "10"]
[EventCountry "GGB"]
[SourceTitle "BritBase"]
[Source "www.saund.co.uk"]
[SourceDate "2018.02.10"]
[SourceVersion "1"]
[SourceVersionDate "2018.02.10"]
[SourceQuality "1"]

1. e4 c6 2. d4 d5 3. exd5 cxd5 4. Bd3 Nc6 5. c3 Nf6 6. Bf4 Bg4 7. f3 Bh5 8. Ne2
Bg6 9. Bxg6 hxg6 10. Qb3 Qd7 11. Nd2 e6 12. O-O-O Be7 13. g4 Na5 14. Qc2 Qb5
15. Rde1 Rc8 16. Kb1 Nc6 17. Ka1 a5 18. Qb3 Qxb3 19. axb3 Kd7 20. Nc1 Bd6 21.
Bg3 Bxg3 22. hxg3 Kd6 23. Nd3 Nd7 24. f4 b6 25. Nf3 Rxh1 26. Rxh1 Ke7 27. g5
Rf8 28. Rh7 Rg8 29. Kb1 Nf8 30. Rh2 f6 31. Kc2 Kd6 32. Kd2 Nd7 33. Rh7 Nf8 34.
Rh2 Nd7 35. Nf2 e5 36. gxf6 gxf6 37. Rh7 e4 38. Ng1 Nf8 39. Rh6 Ne7 40. g4 Ne6
41. Ne2 f5 42. g5 b5 43. Nd1 Ra8 44. Ne3 a4 45. bxa4 bxa4 46. Nc2 Rb8 47. Kc1
Rg8 48. Kb1 Nc6 49. Ka2 Na5 50. Ne3 Nc4 51. Nxc4+ dxc4 52. Ka3 Rg7 53. Rh8 Re7
54. Kb4 Rb7+ 55. Ka3 Re7 56. Rh6 Rg7 57. Ka2 Kd5 58. Rh3 Re7 59. Ka3 Nf8 60.
Rh8 Rf7 61. Kb4 Rb7+ 62. Ka3 Rf7 63. Kxa4 e3 64. b4 Ke4 65. b5 Ra7+ 66. Kb4 Kf3
67. Rxf8 Kxe2 68. Kxc4 Kd2 69. Re8 Rc7+ 70. Kb4 Rxc3 71. b6 Rc1 72. d5 e2 73.
d6 e1=Q 74. Rxe1 Kxe1 75. d7 Rd1 76. b7 Rxd7 77. b8=Q Kf2 78. Kc4 Kg3 79. Qe5
Kg4 80. Qf6 Kh5 81. Kc5 Rd3 82. Qh8+ Kg4 83. Qh6 Rc3+ 84. Kd5 Rd3+ 85. Ke5 Re3+
86. Kf6 Ra3 87. Qh2 Ra6+ 88. Kg7 Re6 89. Kf7 Rd6 90. Qf2 Kh5 91. Ke7 Rd3 92.
Qe2+ 1-0

[Event "Tradewise Gibraltar Masters 16th"]
[Site "Gibraltar"]
[Date "2018.01.26"]
[Round "4.125"]
[White "Ansari, Athar"]
[Black "Marder, Simon"]
[Result "1/2-1/2"]
[WhiteElo "1919"]
[BlackElo "2054"]
[PlyCount "113"]
[EventDate "2018.01.23"]
[EventType "swiss"]
[EventRounds "10"]
[EventCountry "GGB"]
[SourceTitle "BritBase"]
[Source "www.saund.co.uk"]
[SourceDate "2018.02.10"]
[SourceVersion "1"]
[SourceVersionDate "2018.02.10"]
[SourceQuality "1"]

1. e4 d5 2. e5 c5 3. Nc3 Nc6 4. f4 a6 5. Qf3 Nd4 6. Qd1 Bf5 7. d3 e6 8. Nf3 Bg4
9. Be2 Nxe2 10. Qxe2 Nh6 11. Nd1 Nf5 12. Qf2 Bxf3 13. Qxf3 Rc8 14. c3 h5 15.
O-O g6 16. Ne3 Nxe3 17. Bxe3 c4 18. d4 b5 19. a3 Be7 20. Rf2 a5 21. h3 h4 22.
Qd1 Qc7 23. Bd2 Rd8 24. Be1 Qb6 25. a4 b4 26. b3 Qc6 27. cxb4 axb4 28. Rd2 c3
29. Rf2 Kd7 30. Qc2 Qb6 31. Rd1 Rh5 32. Rf3 Rf5 33. Bf2 Qa6 34. Bxh4 Bxh4 35.
g4 Qb6 36. gxf5 gxf5 37. Qd3 Rc8 38. Rc1 Ke7 39. Rc2 Rc7 40. Qd1 Kd7 41. Rd3
Qa6 42. Qe2 Rc8 43. Kh2 Rg8 44. Rf3 Qb6 45. Qd3 Rc8 46. Rf1 Ra8 47. Rg1 Ke7 48.
Rg7 Be1 49. Qe2 Bd2 50. Rxd2 cxd2 51. Qxd2 Rc8 52. Rg1 Rc3 53. Rg3 Qc6 54. Rxc3
Qxc3 55. Qd1 Qe3 56. Kg2 Qxf4 57. Qd3 1/2-1/2

[Event "Tradewise Gibraltar Masters 16th"]
[Site "Gibraltar"]
[Date "2018.01.26"]
[Round "4.126"]
[White "Francois-Haugrin, Said"]
[Black "Sanjuan Garcia, Miguel"]
[Result "1-0"]
[WhiteElo "1714"]
[BlackElo "2019"]
[PlyCount "108"]
[EventDate "2018.01.23"]
[EventType "swiss"]
[EventRounds "10"]
[EventCountry "GGB"]
[SourceTitle "BritBase"]
[Source "www.saund.co.uk"]
[SourceDate "2018.02.10"]
[SourceVersion "1"]
[SourceVersionDate "2018.02.10"]
[SourceQuality "1"]

1. e4 c5 2. Nc3 Nc6 3. f4 g6 4. Nf3 Bg7 5. Bc4 e6 6. e5 d5 7. Bb5 Nge7 8. d4
cxd4 9. Nxd4 O-O 10. O-O a6 11. Bxc6 bxc6 12. Nb3 Nf5 13. Nc5 h5 14. g4 hxg4
15. Qxg4 Qe7 16. N3a4 Rd8 17. Bd2 a5 18. Rfe1 Qa7 19. Kh1 Bf8 20. Nb3 Bb4 21.
c3 Be7 22. Qg1 d4 23. h3 c5 24. cxd4 Bb7+ 25. Kh2 Nxd4 26. Nxd4 Rxd4 27. Bc3
Rxa4 28. f5 exf5 29. e6 Bd6+ 30. Be5 Bxe5+ 31. Rxe5 Qb8 32. exf7+ Kxf7 33. Qxc5
Re4 34. Qe7+ Kg8 35. Qe6+ Kg7 36. Qe7+ Kh6 37. Re1 Qxe5+ 38. Qxe5 Rxe5 39. Rxe5
Be4 40. Kg3 Kg5 41. Rb5 Ra6 42. Rc5 a4 43. a3 Rb6 44. Rc4 Rb3+ 45. Rc3 Rxc3+
46. bxc3 f4+ 47. Kh2 Bd5 48. Kg1 Kh4 49. Kh2 g5 50. c4 Bxc4 51. Kg1 Kg3 52. h4
f3 53. h5 f2+ 54. Kh1 Bd5# 1-0

[Event "Tradewise Gibraltar Masters 16th"]
[Site "Gibraltar"]
[Date "2018.01.26"]
[Round "4.127"]
[White "Bopp, Thomas"]
[Black "Helin, Mikael"]
[Result "1-0"]
[WhiteElo "2154"]
[BlackElo "1962"]
[PlyCount "151"]
[EventDate "2018.01.23"]
[EventType "swiss"]
[EventRounds "10"]
[EventCountry "GGB"]
[SourceTitle "BritBase"]
[Source "www.saund.co.uk"]
[SourceDate "2018.02.10"]
[SourceVersion "1"]
[SourceVersionDate "2018.02.10"]
[SourceQuality "1"]

1. d4 d5 2. Nc3 Nc6 3. Bf4 a6 4. f3 Nf6 5. e3 Nh5 6. Bg5 g6 7. g4 Nf6 8. Nge2
h5 9. Bxf6 exf6 10. gxh5 Rxh5 11. Nf4 Rf5 12. Bd3 Rxf4 13. exf4 f5 14. Qe2+ Be6
15. Qf2 Bd6 16. Ne2 Nb4 17. Rd1 Nxd3+ 18. Rxd3 c6 19. Kd1 Qa5 20. a3 O-O-O 21.
h4 Rh8 22. Kc1 b6 23. Kb1 c5 24. c3 c4 25. Rdd1 Qb5 26. Ka1 Qa5 27. Qe3 Bd7 28.
h5 gxh5 29. Rh4 Bxa3 30. bxa3 Qxa3+ 31. Kb1 Qb3+ 32. Kc1 Ba4 33. Rd2 Re8 34.
Qf2 b5 35. Rh1 b4 36. Rb2 Qa3 37. Kb1 a5 38. Rc1 Bb3 39. Ng3 bxc3 40. Rxc3 a4
41. Qd2 Rg8 42. Qe1 Qb4 43. Nxf5 Kd7 44. Re3 Qxe1+ 45. Rxe1 a3 46. Rbe2 Kc7 47.
Ka1 Kb6 48. Ne7 Rg3 49. Nxd5+ Kc6 50. Nb4+ Kb5 51. Nc2 Ka4 52. d5 Rxf3 53. Rd1
Rc3 54. Kb1 Ka5 55. d6 Rd3 56. Rxd3 cxd3 57. Re5+ Kb6 58. Nxa3 d2 59. Nc4+ Bxc4
60. Kc2 d1=Q+ 61. Kxd1 Bb3+ 62. Ke1 Kc6 63. Rxh5 Kxd6 64. Re5 f6 65. Re3 Bc2
66. Kf2 Kd5 67. Kg3 f5 68. Re5+ Kd4 69. Kh4 Bb3 70. Kg5 Bc2 71. Rxf5 Bd3 72.
Re5 Bc2 73. Re1 Kd5 74. f5 Kd6 75. f6 Bb3 76. Kg6 1-0

[Event "Tradewise Gibraltar Masters 16th"]
[Site "Gibraltar"]
[Date "2018.01.26"]
[Round "4.128"]
[White "Hamer, Martyn"]
[Black "Odeh, Kenneth"]
[Result "1/2-1/2"]
[WhiteElo "2020"]
[BlackElo "1922"]
[PlyCount "60"]
[EventDate "2018.01.23"]
[EventType "swiss"]
[EventRounds "10"]
[EventCountry "GGB"]
[SourceTitle "BritBase"]
[Source "www.saund.co.uk"]
[SourceDate "2018.02.10"]
[SourceVersion "1"]
[SourceVersionDate "2018.02.10"]
[SourceQuality "1"]

1. d4 Nf6 2. c4 g6 3. Nf3 Bg7 4. g3 c6 5. Bg2 d5 6. Qb3 dxc4 7. Qxc4 Be6 8. Qa4
O-O 9. Nc3 Nbd7 10. e4 Nb6 11. Qc2 Bg4 12. Qd3 Bxf3 13. Bxf3 e5 14. Be3 exd4
15. Qxd4 Qxd4 16. Bxd4 Nfd7 17. Bxg7 Kxg7 18. O-O-O Rad8 19. Be2 Nc5 20. f4
Rfe8 21. Rxd8 Rxd8 22. Rd1 Rxd1+ 23. Kxd1 Nba4 24. Nxa4 Nxa4 25. Kc2 Nc5 26.
Bf3 Kf6 27. b4 Ne6 28. Kc3 Nd8 29. Kc4 h6 30. b5 Ke7 1/2-1/2

[Event "Tradewise Gibraltar Masters 16th"]
[Site "Gibraltar"]
[Date "2018.01.26"]
[Round "4.129"]
[White "Bryant, Richard B E"]
[Black "Lochte, Szilvia"]
[Result "1-0"]
[WhiteElo "2016"]
[BlackElo "1862"]
[PlyCount "97"]
[EventDate "2018.01.23"]
[EventType "swiss"]
[EventRounds "10"]
[EventCountry "GGB"]
[SourceTitle "BritBase"]
[Source "www.saund.co.uk"]
[SourceDate "2018.02.10"]
[SourceVersion "1"]
[SourceVersionDate "2018.02.10"]
[SourceQuality "1"]

1. e4 c5 2. Nc3 a6 3. g3 e6 4. Bg2 Nc6 5. f4 Nge7 6. Nf3 d5 7. d3 g6 8. O-O Bg7
9. e5 Nf5 10. Ne2 h5 11. h3 b5 12. c3 Qb6 13. d4 cxd4 14. Nfxd4 Bd7 15. Rf3 Bf8
16. Rd3 Rc8 17. Bd2 Bc5 18. Be1 b4 19. Kh2 Nfxd4 20. cxd4 Be7 21. a3 O-O 22.
Bf1 Rc7 23. a4 Rfc8 24. b3 Na5 25. Ra2 Kg7 26. Bd2 Bc6 27. Bc1 Bb7 28. Be3 Nc6
29. Rdd2 Na5 30. Rd3 Rc6 31. Kg1 R6c7 32. g4 hxg4 33. hxg4 Rh8 34. f5 exf5 35.
gxf5 gxf5 36. Nf4 Kf8 37. Rg2 Rc3 38. e6 Bd6 39. exf7 Bxf4 40. Bxf4 Qe6 41.
Rxc3 bxc3 42. Qc1 Qb6 43. Be5 Rh7 44. Qg5 Rxf7 45. Qg8+ Ke7 46. Re2 c2 47. Bf4+
Qe6 48. Bg5+ Kd6 49. Qb8+ 1-0

[Event "Tradewise Gibraltar Masters 16th"]
[Site "Gibraltar"]
[Date "2018.01.26"]
[Round "4.130"]
[White "Gravett, Alan D"]
[Black "Adewole, Adeyinka"]
[Result "1/2-1/2"]
[WhiteElo "1825"]
[BlackElo "2001"]
[PlyCount "61"]
[EventDate "2018.01.23"]
[EventType "swiss"]
[EventRounds "10"]
[EventCountry "GGB"]
[SourceTitle "BritBase"]
[Source "www.saund.co.uk"]
[SourceDate "2018.02.10"]
[SourceVersion "1"]
[SourceVersionDate "2018.02.10"]
[SourceQuality "1"]

1. g3 e6 2. Bg2 Nf6 3. Nf3 Be7 4. O-O d5 5. c4 O-O 6. b3 b6 7. Bb2 Bb7 8. cxd5
exd5 9. d4 c5 10. Nbd2 Nbd7 11. Ne5 Nxe5 12. dxe5 Ne8 13. Nc4 Rb8 14. Ne3 d4
15. Bxb7 Rxb7 16. Nf5 Nc7 17. e3 dxe3 18. Qg4 Ne6 19. Rad1 Rd7 20. Nxe3 Rd2 21.
Nc4 Rxd1 22. Rxd1 Qc8 23. Nd6 Qc6 24. Nf5 Re8 25. Rd6 Bxd6 26. exd6 h5 27. Qxh5
Qe4 28. Ne7+ Rxe7 29. dxe7 Nd4 30. Bxd4 cxd4 31. Qd1 1/2-1/2

[Event "Tradewise Gibraltar Masters 16th"]
[Site "Gibraltar"]
[Date "2018.01.26"]
[Round "4.131"]
[White "Biegel, Thomas"]
[Black "Opasiak, Dustin Tennessee"]
[Result "0-1"]
[WhiteElo "1984"]
[BlackElo "1797"]
[PlyCount "64"]
[EventDate "2018.01.23"]
[EventType "swiss"]
[EventRounds "10"]
[EventCountry "GGB"]
[SourceTitle "BritBase"]
[Source "www.saund.co.uk"]
[SourceDate "2018.02.10"]
[SourceVersion "1"]
[SourceVersionDate "2018.02.10"]
[SourceQuality "1"]

1. Nf3 Nf6 2. c4 d6 3. d4 g6 4. g3 Bg7 5. Bg2 O-O 6. O-O Nbd7 7. Nc3 c5 8. d5
Ng4 9. Qc2 a6 10. a4 b6 11. h3 Nh6 12. e4 f5 13. Bg5 fxe4 14. Nxe4 Nf6 15. Nc3
Nd7 16. Rae1 Nf6 17. Re2 Nf7 18. Bh4 Bf5 19. Qd1 Ra7 20. Rfe1 h6 21. g4 Bc8 22.
g5 hxg5 23. Bxg5 Nxg5 24. Nxg5 Nh5 25. Ne6 Bxe6 26. Rxe6 Nf4 27. R6e4 Bd4 28.
Rxd4 cxd4 29. Qxd4 e5 30. dxe6 Qg5 31. Qe4 Nxh3+ 32. Kh2 Rh7 0-1

[Event "Tradewise Gibraltar Masters 16th"]
[Site "Gibraltar"]
[Date "2018.01.26"]
[Round "4.132"]
[White "Wilson, Matthew R"]
[Black "Vilarnovo Caamano, Jose"]
[Result "0-1"]
[WhiteElo "1782"]
[BlackElo "1981"]
[PlyCount "76"]
[EventDate "2018.01.23"]
[EventType "swiss"]
[EventRounds "10"]
[EventCountry "GGB"]
[SourceTitle "BritBase"]
[Source "www.saund.co.uk"]
[SourceDate "2018.02.10"]
[SourceVersion "1"]
[SourceVersionDate "2018.02.10"]
[SourceQuality "1"]

1. e4 c5 2. Nc3 g6 3. f4 Bg7 4. Nf3 Nc6 5. Bb5 Nd4 6. O-O a6 7. Bd3 d6 8. Nxd4
cxd4 9. Ne2 Nf6 10. c3 dxc3 11. bxc3 O-O 12. Bc2 b5 13. d3 Bg4 14. h3 Bxe2 15.
Qxe2 Nh5 16. Qe1 b4 17. e5 dxe5 18. fxe5 Qc7 19. d4 Qxc3 20. Qxc3 bxc3 21. Rf3
f6 22. g4 fxe5 23. Rxf8+ Rxf8 24. gxh5 exd4 25. Rb1 gxh5 26. Rb6 d3 27. Bb3+
Kh8 28. Rxa6 Bd4+ 29. Kg2 d2 30. Ba3 h4 31. Bxe7 Rf2+ 32. Kh1 d1=Q+ 33. Bxd1
Rf1+ 34. Kg2 Rxd1 35. Rc6 Rd2+ 36. Kf3 Rxa2 37. Ke4 Rd2 38. Bxh4 Kg8 0-1

[Event "Tradewise Gibraltar Masters 16th"]
[Site "Gibraltar"]
[Date "2018.01.26"]
[Round "4.133"]
[White "Cramling Bellon, Anna"]
[Black "Klementys, Jerzy"]
[Result "1-0"]
[WhiteElo "1978"]
[BlackElo "1739"]
[PlyCount "55"]
[EventDate "2018.01.23"]
[EventType "swiss"]
[EventRounds "10"]
[EventCountry "GGB"]
[SourceTitle "BritBase"]
[Source "www.saund.co.uk"]
[SourceDate "2018.02.10"]
[SourceVersion "1"]
[SourceVersionDate "2018.02.10"]
[SourceQuality "1"]

1. d4 Nf6 2. c4 g6 3. Nc3 Bg7 4. e4 d6 5. h3 O-O 6. Bg5 c5 7. d5 e6 8. Bd3 exd5
9. exd5 Re8+ 10. Kf1 a6 11. g4 Nbd7 12. Nf3 Qc7 13. a4 b6 14. Qd2 Ne5 15. Nxe5
Rxe5 16. Kg2 Bd7 17. Qf4 Ne8 18. Ne4 f5 19. Ng3 Qc8 20. gxf5 Bxf5 21. Bxf5 gxf5
22. Rae1 Ra7 23. Rxe5 Bxe5 24. Qxf5 Qxf5 25. Nxf5 Rf7 26. Nh6+ Kg7 27. Nxf7
Kxf7 28. f4 1-0

[Event "Tradewise Gibraltar Masters 16th"]
[Site "Gibraltar"]
[Date "2018.01.26"]
[Round "4.134"]
[White "Bozinovic, Boban"]
[Black "Yilmaz, Kazim"]
[Result "1-0"]
[WhiteElo "1972"]
[BlackElo "1656"]
[PlyCount "113"]
[EventDate "2018.01.23"]
[EventType "swiss"]
[EventRounds "10"]
[EventCountry "GGB"]
[SourceTitle "BritBase"]
[Source "www.saund.co.uk"]
[SourceDate "2018.02.10"]
[SourceVersion "1"]
[SourceVersionDate "2018.02.10"]
[SourceQuality "1"]

1. e4 e5 2. Nf3 Nc6 3. d4 Nxd4 4. Nxd4 exd4 5. Qxd4 Qf6 6. e5 Qb6 7. Qxb6 axb6
8. Nc3 Bb4 9. Bd2 Bxc3 10. Bxc3 Ne7 11. a3 O-O 12. O-O-O Nc6 13. Bd3 d5 14.
exd6 cxd6 15. Be4 Rd8 16. Bd5 Be6 17. Rhe1 Bxd5 18. Rxd5 Rd7 19. Red1 Rad8 20.
Rg5 g6 21. Rb5 d5 22. Rxb6 d4 23. Bd2 d3 24. Bc3 dxc2 25. Rxd7 Rxd7 26. Kxc2 f5
27. f3 Ne7 28. Bd2 Nd5 29. Rb5 f4 30. a4 Ne3+ 31. Bxe3 fxe3 32. Re5 Rd2+ 33.
Kc3 Rxg2 34. Rxe3 Rxh2 35. Re7 Rh3 36. Rxb7 Rxf3+ 37. Kd2 h5 38. a5 Rf2+ 39.
Ke3 Rf6 40. Rb6 Rf7 41. a6 Ra7 42. Rb8+ Kf7 43. Rb7+ Rxb7 44. axb7 Ke7 45. b8=Q
h4 46. Qe5+ Kf7 47. Qf4+ Ke6 48. Qxh4 Kf5 49. Qf4+ Ke6 50. b4 Kd5 51. Qg5+ Kc4
52. Qxg6 Kxb4 53. Qc6 Kb3 54. Kd3 Kb4 55. Qb6+ Ka3 56. Kc3 Ka4 57. Qb4# 1-0